000 00642nam a2200253Ia 4500
003 OSt
005 20220918192449.0
006 a|||||r|||| 00| 0
007 ta
008 220917b |||||||| |||| 00| 0 eng d
024 _a68,487
037 _cTextual
040 _aARTS
_cARTS
_beng
041 _2eng
_aeng
082 _aR3xN22:g, L9
100 _aBogdan Radu J ed
_911378
245 0 _aPatrick Suppes
260 _aDordrecht
_bD Reidel
_c1979
300 _aix,264p.
_ccm.
490 _aProfiles; 1
500 _aBib 235-58p
942 _hR3xN22:g, L9
_cTEXL
_2CC
999 _c194658
_d194658